Podział administracyjny Danii - Statystyki

Ogólne statystyki
  • Ten quiz został rozwiązany 24 razy
  • Średni wynik to 3 z 5
Statystyki odpowiedzi
Region % Poprawnych
Zelandia
76%
Jutlandia Północna
65%
Jutlandia Środkowa
59%
Dania Południowa
53%
Region Stołeczny
47%
Nie znaleziono quizów pasujących do podanych kryteriów
Rozkład punktacji
Procent ludzi z każdym wynikiem
Percentyl według liczby udzielonych odpowiedzi
Twoja historia wyników
Nie rozwiązałeś tego quizu